Culture Générale - Série 601 - Statistiques

Statistiques générales
  • Ce quiz a été pris 248 fois
  • Le résultat moyen est 7 sur 10
Statistiques - réponses
Question Réponse % Correct
Dans quel pays l'acteur Jean-Claude Van Damme est-il né ? Belgique
97%
De quel organe du corps humain l'hépatite est-elle une inflammation ? foie
93%
La Mongolie est bordée au sud par la Chine et au nord par la... Russie
89%
Quel alcool faut-il rajouter au café et à la crème fraîche, pour obtenir un "Irish Coffee" ? whisky
89%
Quel mot anglais désigne aussi bien un porteur de clubs de golf qu'un petit chariot métallique ? caddie
86%
Quel musée est l'équivalent parisien du musée de Madame Tussaud, à Londres ? Musée Grévin
80%
Au cinéma, quel espion séducteur les personnages de Camille Montes, Vesper Lynd, Jinx et Elektra King ont-elles en commun ? James Bond
77%
Dans quel sport, le Britannique Graham Hill fut-il double champion du monde, dans les années 1960 ? Formule 1
58%
Complétez cette expression : "Tomber de Charybde en... Scylla
50%
Quel mot comportant deux "Z" désigne l'assortiment de hors-d'oeuvre, le plus souvent froids, de la cuisine orientale ? mezzé
30%
Aucun quiz correspondant
Distribution des résultats
% des personnes avec chaque résultat
Percentile par nombre de réponses
Votre historique - résultats
Vous n’avez pas pris ce quiz